<?xml version="1.0" encoding="UTF-8"?>
<collection xmlns="http://www.loc.gov/MARC21/slim">
<record>
  <controlfield tag="001">167472</controlfield>
  <controlfield tag="005">20260121151437.0</controlfield>
  <datafield tag="037" ind1=" " ind2=" ">
    <subfield code="a">TAZ-TFG-2025-373</subfield>
  </datafield>
  <datafield tag="041" ind1=" " ind2=" ">
    <subfield code="a">spa</subfield>
  </datafield>
  <datafield tag="100" ind1="1" ind2=" ">
    <subfield code="a">Solano Justes, Miguel</subfield>
  </datafield>
  <datafield tag="242" ind1="0" ind2="0">
    <subfield code="a">BIBLIOGRAPHIC REVIEW ON THE EFFECTIVENESS OF NEGATIVE PRESSURE THERAPY (VAC) IN THE TREATMENT OF ULCERS IN DIABETIC FOOT PATIENTS</subfield>
  </datafield>
  <datafield tag="245" ind1="0" ind2="0">
    <subfield code="a">REVISIÓN BIBLIOGRÁFICA SOBRE LA EFECTIVIDAD DE LA TERAPIA DE PRESIÓN NEGATIVA (VAC) EN EL TRATAMIENTO DE ÚLCERAS DEL PACIENTE CON PIE DIABÉTICO</subfield>
  </datafield>
  <datafield tag="260" ind1=" " ind2=" ">
    <subfield code="a">Zaragoza</subfield>
    <subfield code="b">Universidad de Zaragoza</subfield>
    <subfield code="c">2025</subfield>
  </datafield>
  <datafield tag="506" ind1=" " ind2=" ">
    <subfield code="a">by-nc-sa</subfield>
    <subfield code="b">Creative Commons</subfield>
    <subfield code="c">3.0</subfield>
    <subfield code="u">http://creativecommons.org/licenses/by-nc-sa/3.0/</subfield>
  </datafield>
  <datafield tag="520" ind1=" " ind2=" ">
    <subfield code="a">Introducción: La terapia de presión negativa (NPWT) es una técnica de &lt;br />tratamiento avanzada que utiliza un apósito de espuma conectado a una &lt;br />bomba de vacío que recolecta el exudado, promoviendo un ambiente &lt;br />húmedo y limpio que favorece la correcta cicatrización. Este método es &lt;br />muy eficaz en la estimulación de la formación de tejido de granulación y &lt;br />en la reducción de la carga bacteriana. En los pacientes diabéticos, las &lt;br />úlceras en los pies son una complicación importante que incrementa el &lt;br />porcentaje de hospitalizaciones y de amputaciones de miembros &lt;br />afectados. &lt;br />Objetivo principal: Conocer la efectividad de la terapia de presión &lt;br />negativa VAC en el paciente con pie diabético, con el fin de proporciona &lt;br />una visión integral sobre su aplicación clínica y resultados. &lt;br />Metodología: Se realizo una búsqueda bibliográfica en las siguientes &lt;br />bases de datos científicas: PubMed, Scopus, Enfispo, Dialnet y Scielo, &lt;br />utilizando los siguientes DeCS: “Terapia de presión negativa para heridas”, &lt;br />“Úlcera del pie”, “Pie diabético” y “Diabetes mellitus”. &lt;br />Desarrollo: El pie diabético es una complicación importante de la diabetes &lt;br />caracterizada por vasculopatía, infección ulceración y desvitalización de &lt;br />tejidos. El tratamiento de las úlceras del pie diabético requiere de un &lt;br />enfoque multidisciplinario y una clasificación según la gravedad de la &lt;br />lesión. &lt;br />La terapia de presión negativa VAC se ha mostrado eficaz en la curación de &lt;br />estas úlceras al aplicar una presión que mejora la circulación local, reduce &lt;br />el edema y promueve la formación de tejido de granulación. Además, el &lt;br />VAC reduce la probabilidad de infección y la formación de esfacelos en el &lt;br />lecho de la herida. &lt;br />El VAC puede presentar complicaciones a pesar de su alta efectividad, por &lt;br />ejemplo en casos de pacientes con sangrados activos o en presencia de &lt;br />tejido maligno. - Conclusión: La terapia VAC es un tratamiento eficaz para las heridas &lt;br />complejas como las del pie diabético, mejorando la cicatrización y &lt;br />reduciendo el riesgo de infección. Su uso debe ser cuidadosamente &lt;br />monitorizado, adaptado a cada paciente y considerado en procedimientos &lt;br />post quirúrgicos.  &lt;br />&lt;br /></subfield>
  </datafield>
  <datafield tag="521" ind1=" " ind2=" ">
    <subfield code="a">Graduado en Enfermería</subfield>
  </datafield>
  <datafield tag="540" ind1=" " ind2=" ">
    <subfield code="a">Derechos regulados por licencia Creative Commons</subfield>
  </datafield>
  <datafield tag="856" ind1="0" ind2=" ">
    <subfield code="f">845700@unizar.es</subfield>
  </datafield>
  <datafield tag="856" ind1="4" ind2=" ">
    <subfield code="s">441680</subfield>
    <subfield code="u">http://zaguan.unizar.es/record/167472/files/TAZ-TFG-2025-373.pdf</subfield>
    <subfield code="y">Memoria (spa)</subfield>
  </datafield>
  <datafield tag="909" ind1="C" ind2="O">
    <subfield code="o">oai:zaguan.unizar.es:167472</subfield>
    <subfield code="p">driver</subfield>
    <subfield code="p">trabajos-fin-grado</subfield>
  </datafield>
  <datafield tag="950" ind1=" " ind2=" ">
    <subfield code="a"></subfield>
  </datafield>
  <datafield tag="691" ind1=" " ind2=" ">
    <subfield code="a">0</subfield>
  </datafield>
  <datafield tag="692" ind1=" " ind2=" ">
    <subfield code="a"></subfield>
  </datafield>
  <datafield tag="700" ind1=" " ind2=" ">
    <subfield code="a">Orduna Navas, María</subfield>
    <subfield code="e">dir.</subfield>
  </datafield>
  <datafield tag="710" ind1="2" ind2=" ">
    <subfield code="a">Universidad de Zaragoza</subfield>
    <subfield code="b">Fisiatría y Enfermería</subfield>
    <subfield code="c">Enfermería</subfield>
  </datafield>
  <datafield tag="980" ind1=" " ind2=" ">
    <subfield code="a">TAZ</subfield>
    <subfield code="b">TFG</subfield>
    <subfield code="c">ENFHUES</subfield>
  </datafield>
  <datafield tag="999" ind1=" " ind2=" ">
    <subfield code="a">20250408095453.CREATION_DATE</subfield>
  </datafield>
  <datafield tag="951" ind1=" " ind2=" ">
    <subfield code="a">deposita:2026-01-21</subfield>
  </datafield>
</record>
</collection>